000 00563nam a2200181 a 4500
001 000025827
005 20200930024059.0
008 110223s19uu dr 000 0 spa d
040 _aDO-SdBNP
_bspa
_cBNPHU
100 1 _aCastro Sánchez, Rafael
_952659
245 1 0 _aPsicología mujer y sociedad / :
_bRafael Castro Sánchez.
260 _aSanto Domingo :
_bEditorial Cardenal,
_c[199?].
300 _a61 p. :
_bil. ;
_c22 cm.
490 1 _aPsicología y gente
_vno. 3
504 _aBibliografía : p. 61
830 0 _aPsicología y gente
_952660
049 _aBNPD
999 _c25319
_d25319